Penyempurnaan pentadbiran di Indonesia : satu kajian kes mengenai penyusunan semula organisasi Direktorat Pembangunan Daerah, Departemen Dalam Negeri Republik Indonesia /
محفوظ في:
| المؤلف الرئيسي: | |
|---|---|
| التنسيق: | أطروحة كتاب |
| اللغة: | Malay |
| منشور في: |
1981.
|
| الموضوعات: | |
| الوسوم: |
إضافة وسم
لا توجد وسوم, كن أول من يضع وسما على هذه التسجيلة!
|
| LEADER | 01185cam a2200289 4500 | ||
|---|---|---|---|
| 001 | u30413 | ||
| 003 | SIRSI | ||
| 008 | 821104s1981 my a t 0 may | ||
| 015 | |a X820003706 | ||
| 035 | |a AAD-2823 | ||
| 040 | |a UMM | ||
| 043 | |a a-io--- | ||
| 090 | 0 | 0 | |a JQ772 |b Z38Ari |
| 091 | 0 | 0 | |a Microfiche 8348 |
| 100 | 1 | 0 | |a Arif, Mirrian Sjofjan |
| 245 | 1 | 0 | |a Penyempurnaan pentadbiran di Indonesia : |b satu kajian kes mengenai penyusunan semula organisasi Direktorat Pembangunan Daerah, Departemen Dalam Negeri Republik Indonesia / |c Mirrian Sjofjan Arif. |
| 260 | |c 1981. | ||
| 300 | |a xvi, 197, xix leaves : |b ill. ; |c 28cm. | ||
| 500 | |a Also in microfiche.- Kuala Lumpur : Perpustakaan Universiti Malaya, 1982. 4 microfiches : negative ; 11x15cm. | ||
| 502 | |a Dissertation (M.Ec.) -- Fakulti Ekonomi dan Pentadbiran, Universiti Malaya, 1981. | ||
| 504 | 0 | 0 | |a Includes bibliography. |
| 610 | 1 | 0 | |a Indonesia. |c Direktorat Pembangunan Daerah. |
| 650 | 0 | |a Public administration |z Indonesia. | |
| 651 | 0 | |a Indonesia |x Politics and government. | |
| 948 | |a 16/03/1991 |b 29/07/2002 | ||
| 596 | |a 1 | ||
| 999 | |a JQ772 Z38ARI |w LC |c 1 |i A002678277 |d 1/12/2000 |l STACKS |m P01UTAMA |n 3 |r Y |s Y |t TESIS |u 31/10/1991 | ||
